| 000 | 00752nam a2200241Ia 4500 | ||
|---|---|---|---|
| 003 | 0100 | ||
| 005 | 20160322110037.0 | ||
| 008 | 130303s9999 xx 000 0 und d | ||
| 020 | _a908307306 | ||
| 040 | _cARRUPELIB | ||
| 050 | _aHN802.H3H37 1993 | ||
| 245 | _aHarare: the growth and problems of the city | ||
| 260 | _aHarare, Zimbabwe | ||
| 260 |
_bUniversity of Zimbabwe Publications _c1993 |
||
| 300 | _axii | ||
| 300 | _b 186p. 26cm | ||
| 650 |
_aHarare (Zimbabwe) _xSocial conditions _xCongresses _923145 |
||
| 650 |
_aHarare(Zimbabwe) _xEconomic conditions _xCongresses _923146 |
||
| 700 |
_aZinyama, Lovemore _eed. _923142 |
||
| 700 |
_aTevera, Daniel S. _eed. _923143 |
||
| 700 |
_aCumming, Sioux D _eed. _923144 |
||
| 942 |
_2lcc _cMONOGRAPH |
||
| 999 |
_c8420 _d8420 |
||